000 00496nam a2200181Ia 4500
005 20250326125647.0
008 250326s9999 xx 000 0 und d
037 _aTextbook
040 _aFMSL
_beng
_cFMSL
041 _aeng
_2eng
084 _aX:89T L0
_qFMSL
100 _aRueb W B
_9739440
245 0 _aMaterial management
_cRueb W B
260 _aNetherlands
_bNetherlands, Rotterdam University
_c1970
300 _a48p
942 _cTB
_hX:89T L0
999 _c1278998
_d1278998